[Event "Speed Chess Championship 2020"]
[Site "Online"]
[Date "2020.12.13"]
[Round "4.7"]
[White "Nakamura, Hikaru"]
[Black "Vachier-Lagrave, Maxime"]
[Result "1-0"]
[WhiteElo "2736"]
[BlackElo "2784"]
[Annotator "TA"]
[PlyCount "75"]
[EventDate "2020.10.31"]
[EventType "k.o."]
[EventCountry "NET"]
[SourceTitle "playchess.com"]
[Source "ChessBase"]
[SourceQuality "1"]

{[%evp 9,75,0,0,0,0,0,0,0,0,0,0,3,0,6,0,-4,7,-8,10,8,16,14,16,16,18,18,17,8,22,5,27,26,69,13,39,0,44,10,105,43,142,145,141,115,171,159,170,172,201,151,206,207,325,322,1518,297,376,310,304,320,310,312,1439,1426,1246,1258,1366,1356]} 1. e4 c5 2. Nf3 d6 3. Bc4 Nf6 4. d3 a6 5. c3 b5 6. Bb3 {B50: Sicilian: 2...d6, Miscellaneous.} e6 7. Nbd2 Bb7 8. O-O {The position is equal.} Be7 9. Re1 Nbd7 10. Bc2 Qc7 11. Nf1 O-O 12. Ng3 Rfe8 13. h3 Bf8 14. d4 Rac8 15. Bd3 {[#]} e5 $146 ({Predecessor:} 15... cxd4 16. cxd4 e5 17. d5 Nc5 18. Bc2 Ne6 19. Bb3 Nc5 20. Bc2 Ne6 21. Bb3 Nc5 22. Bc2 {½-½ (22) Mons,L (2554)-Bindrich,F (2600) Austria 2018}) 16. d5 c4 17. Bc2 g6 18. a4 Nc5 19. Be3 Nfd7 20. Nh2 Bg7 21. Qd2 (21. Ng4 $14) 21... Rf8 22. Bh6 f6 23. Ng4 Rf7 (23... Nxa4 $11 24. Bxa4 bxa4) 24. h4 (24. axb5 $16 axb5 25. Ra3) 24... Nf8 (24... bxa4 $14 25. Bxg7 Rxg7) 25. axb5 axb5 26. h5 Rb8 (26... Nfd7 $16) 27. hxg6 hxg6 28. Bxg7 Kxg7 {[#]} 29. Qh6+ $1 Kg8 {intending ...Bc8.} 30. Qh4 Kg7 (30... Rg7 $142 31. Nxf6+ Kf7) 31. Re3 $18 Bc8 $2 {[#]} (31... Nh7 32. Qh6+ Kh8 33. Qxg6 Rg7) 32. Nh6 $2 (32. Nf5+ $1 {[%mdl 512]} Bxf5 (32... gxf5 33. Rh3) 33. Rh3) 32... Nh7 {With the idea ...Rf8.} 33. Nxf7 Qxf7 34. f4 Bd7 35. f5 Rh8 $2 (35... g5 36. Qh2 Be8 37. Nh5+ Kf8) 36. fxg6 {White is clearly winning.} Qxg6 37. Nf5+ Bxf5 38. exf5 {Weighted Error Value: White=0.32/Black=0.28} 1-0

[Event "Speed Chess Championship 2020"]
[Site "Online"]
[Date "2020.12.13"]
[Round "4.8"]
[White "Vachier-Lagrave, Maxime"]
[Black "Nakamura, Hikaru"]
[Result "0-1"]
[WhiteElo "2784"]
[BlackElo "2736"]
[Annotator "TA"]
[PlyCount "68"]
[EventDate "2020.10.31"]
[EventType "k.o."]
[EventCountry "NET"]
[SourceTitle "playchess.com"]
[Source "ChessBase"]
[SourceQuality "1"]

{[%evp 14,68,37,20,23,5,29,8,19,18,37,0,0,-4,-9,-4,-4,-20,-21,-40,-32,-44,-27,-32,17,0,-14,-36,-36,-45,-13,-20,0,-134,-116,-475,-468,-461,-459,-410,-441,-426,-404,-395,-295,-285,-269,-506,-504,-785,-712,-789,-758,-695,-667,-888,-885]} 1. e4 e5 2. Nf3 Nc6 3. Bb5 a6 4. Ba4 g6 5. c3 Bg7 6. O-O Nge7 7. d4 b5 8. Bb3 {8.Bc2 is not played anymore.} exd4 $1 {C60: Ruy Lopez: Unusual Black 3rd moves and 3...g6.} 9. cxd4 d6 10. Nc3 O-O {The position is equal.} 11. Nd5 h6 12. h3 Na5 13. Nxe7+ Qxe7 14. Bc2 c5 {[#]} 15. Bf4 $146 {With the idea dxc5.} ({Predecessor:} 15. b3 Bb7 16. Re1 Rac8 17. Rb1 Nc6 18. Bb2 cxd4 19. a3 Rfe8 20. b4 Qd7 21. Bb3 {0-1 (46) Loginov,V (2486)-Ponkratov,P (2607) Tallinn 2016}) 15... Rd8 16. d5 Nc4 17. b3 $1 {[%cal Rb3c4]} Na3 18. Rc1 f5 19. Re1 {Black must now prevent e5.} Nxc2 20. Qxc2 (20. Rxc2 $5 {[%cal Re4e5]} fxe4 21. Rce2 $15) 20... fxe4 21. Rxe4 Qf7 {[#] Threatens to win with ...Bf5.} 22. Qe2 Bb7 23. Rd1 (23. Re7 $1 $11 {keeps the balance.} Qxf4 24. Qe6+ Kh7 25. Re1) 23... Bxd5 $17 24. Re7 $2 {[%mdl 8192] This costs White the game.} (24. Re3 $17 {was the crucial defense.}) 24... Bxf3 $19 25. Qe3 Qxe7 (25... Bxd1 $2 26. Rxf7 Kxf7 27. Qd3 $19) 26. Qxe7 Bxd1 27. Qe4 Kh7 28. Qd3 Rf8 29. Be3 {[#]} d5 $1 {And now ...Bxb3! would win.} 30. Qxd1 $2 (30. Bxc5 {was necessary.} Rfc8 31. b4) (30. Qxd5 Bc2) 30... d4 {Black is clearly winning.} 31. Bc1 (31. Bd2 $142 c4 32. h4) 31... c4 32. h4 d3 33. h5 g5 34. Qg4 Rae8 {Weighted Error Value: White=0.53/Black=0.11} 0-1

[Event "Speed Chess Championship 2020"]
[Site "Online"]
[Date "2020.12.13"]
[Round "4.9"]
[White "Nakamura, Hikaru"]
[Black "Vachier-Lagrave, Maxime"]
[Result "1-0"]
[WhiteElo "2736"]
[BlackElo "2784"]
[Annotator "TA"]
[PlyCount "85"]
[EventDate "2020.10.31"]
[EventType "k.o."]
[EventCountry "NET"]
[SourceTitle "playchess.com"]
[Source "ChessBase"]
[SourceQuality "1"]

{[%evp 9,85,16,31,26,32,27,35,35,100,95,106,105,146,100,103,99,102,66,99,107,114,111,114,112,129,118,116,100,136,87,88,90,113,108,125,120,126,119,118,122,136,137,139,133,146,133,162,142,160,156,156,156,156,156,156,156,156,135,172,172,204,201,204,180,201,156,159,159,285,277,303,282,301,298,299,291,386,381]} 1. e4 c5 2. Nf3 d6 3. Bc4 Nf6 4. d3 g6 5. e5 dxe5 6. Nxe5 {[%csl Ge5][%cal Rc4f7] [#] B50: Sicilian: 2...d6, Miscellaneous.} e6 $1 7. Qf3 Nbd7 8. Bb5 {[#] White is slightly better.} Be7 $146 (8... Bg7 $14) ({Predecessor:} 8... Bg7 9. Bxd7+ Bxd7 10. Qxb7 O-O 11. Nc3 Be8 12. Nc6 Bxc6 13. Qxc6 Nd5 14. Nxd5 exd5 {1-0 (34) Carlsen,M (2855)-Giri,A (2782) Paris 2016}) 9. Bxd7+ $16 Bxd7 10. Qxb7 Rb8 11. Qf3 Qc7 12. Nxd7 Nxd7 13. O-O O-O 14. Nd2 Ne5 15. Qg3 Rfc8 16. b3 Nc6 17. Qxc7 Rxc7 18. Nc4 Rd7 19. a3 Nd4 20. Ra2 g5 21. Be3 h5 22. Bxd4 Rxd4 23. Re1 Rc8 24. Raa1 Rc6 25. Re2 f6 26. g3 Kf7 27. Kg2 Rc7 28. h3 e5 29. Ne3 Kg6 30. g4 Bf8 31. f3 h4 32. Nf5 Rd8 33. Re4 a6 34. Ra4 Rc6 35. Kf2 Kf7 36. Ke2 Ke6 37. Rc4 Rdc8 38. Kd2 Be7 (38... Rb6 $16 39. Re1 Kf7) 39. Re1 $18 Kd7 40. f4 gxf4 41. Nxe7 ({Weaker is} 41. Nxh4 Rh8 $16) 41... Kxe7 42. Rxf4 $1 Rd8 {[#]} 43. g5 $1 {[%mdl 512] Weighted Error Value: White=0.08/Black=0.20} 1-0

[Event "Speed Chess Championship 2020"]
[Site "Online"]
[Date "2020.12.13"]
[Round "4.10"]
[White "Vachier-Lagrave, Maxime"]
[Black "Nakamura, Hikaru"]
[Result "1-0"]
[WhiteElo "2784"]
[BlackElo "2736"]
[Annotator "TA"]
[PlyCount "103"]
[EventDate "2020.10.31"]
[EventType "k.o."]
[EventCountry "NET"]
[SourceTitle "playchess.com"]
[Source "ChessBase"]
[SourceQuality "1"]

{[%evp 9,103,18,13,-11,-10,-3,37,-63,-36,-41,-42,-51,-45,-75,-70,-89,-78,-78,-80,-91,-72,-97,-97,-102,-100,-99,-102,-104,-31,-85,-83,-70,-85,-88,-89,-77,-73,-275,-193,-205,-198,-283,-303,-595,-542,-612,-606,-702,-233,-282,-249,-255,-257,-264,-226,-328,-297,-337,-349,-370,-348,-350,0,-335,-316,-431,-247,-354,-332,-277,0,0,0,0,119,0,0,0,0,0,0,0,59,66,66,61,112,0,0,0,29984,29985,29985,29986,29989,29990]} 1. e4 e5 2. Nf3 Nc6 3. Bb5 a6 4. Ba4 g6 5. Nc3 Bg7 6. h4 {C70: Ruy Lopez: 3...a6 4 Ba4, Norwegian and Delayed Schliemann.} h6 7. d3 Nge7 {[#]} 8. Ne2 $146 (8. h5 $1 $14) ({Predecessor:} 8. h5 g5 9. Nxg5 hxg5 10. Bxg5 Bh6 11. Bf6 Rg8 12. Nd5 b5 13. Bb3 d6 14. a4 {0-1 (37) Kucza,K (2308)-Kraus,T (2442) Pardubice 2018}) 8... b5 9. Bb3 Na5 10. h5 g5 11. g4 d5 12. Nh2 c5 13. c3 Nxb3 14. axb3 Be6 15. Qc2 O-O 16. Ng3 Qd7 17. Nf5 Rfd8 (17... Nxf5 $6 18. gxf5 (18. exf5 Bxf5 19. gxf5 Qxf5 $14) 18... Bxf5 19. exf5 $14) 18. Nf1 c4 (18... Nxf5 19. exf5 (19. gxf5 Bxf5 20. exf5 Qxf5 $16) 19... Bxf5 20. gxf5 $16) ({Black should play} 18... Bf8 $17 19. N1g3 b4) 19. bxc4 (19. dxc4 $1 $15 dxc4 20. b4) 19... dxe4 ({Wrong is} 19... Nxf5 $2 20. gxf5 Bxf5 21. exf5 $18) (19... bxc4 $6 20. dxc4 dxc4 21. N1e3 $11) 20. dxe4 Nxf5 21. gxf5 Bxc4 22. f3 Bd3 $36 {[%mdl 2048] Black is on the roll.} 23. Qb3 $2 (23. Qg2 $17 {might work better.}) 23... Bf8 24. Be3 Qc6 25. Kf2 (25. Rh2 $142) 25... a5 $1 $19 26. Nh2 $2 (26. Nd2 {was called for.}) 26... a4 $1 {[%cal Ra4b3]} 27. Qa2 Bc5 {White must now prevent ...Bxe3+.} 28. Ng4 {Qxf7+! is the strong threat.} Bc4 $2 (28... Bxe3+ 29. Nxe3 Bxe4 $1 {[%mdl 512]} 30. fxe4 Qxe4) 29. Qb1 Rd2+ 30. Kg3 Bxe3 31. Nxe3 Rad8 $1 {[%cal Ba8d8,Bd8d3,Bd3e3][%mdl 32] Threatens to win with ...Bd3.} 32. Ng4 (32. Rh2 $142) 32... R8d3 33. Re1 Qd6 34. Re3 Rxe3 $1 35. Nxe3 Re2 $2 (35... Bb3 $19 36. Kh3 Kh7) 36. Ng4 $2 {[%mdl 8192]} (36. Nxc4 $11 {and White is okay.} bxc4 37. Qd1 Qxd1 38. Rxd1) 36... Qd2 {( -> ...Qf4+)} 37. Qc1 Rg2+ 38. Kh3 {[#]} Qe2 $1 {[%cal Re2f3][%mdl 512]} 39. Qd1 {[#]} Qxd1 $2 ({Not} 39... Qxb2 40. Qd8+ Kh7 41. Nf6+ Kg7 42. Ne8+ Kh7 43. Nf6+ Kg7 44. Ne8+ Kh7 45. Nf6+ $11) (39... Rxg4 $1 $19 {[%mdl 512]} 40. fxg4 Qxb2) 40. Rxd1 $11 Rxb2 {And now ...a3 would win.} 41. Nxe5 a3 {[#]} (41... Bb3 $11 42. Rd8+ Kg7) 42. Nxc4 (42. f6 $1 $16 {Threatening mate with Ng6!} Kh7 43. Nxc4 bxc4 44. Rd7) 42... bxc4 $16 {[%mdl 4096] Endgame KR-KR} 43. Rd8+ Kg7 44. Ra8 Rb3 45. e5 $1 {Strongly threatening f6+.} a2 (45... Rxc3 $11 46. f6+ Kh7) 46. f6+ $14 Kh7 47. Rxa2 Rxc3 48. Ra7 ({White has to play} 48. Kg4 $16 {aiming for Ra7!} Re3 49. Kf5 Rxf3+ 50. Ke4 Rf4+ 51. Kd5) 48... Rxf3+ $11 {[#]} 49. Kg2 $1 {[%mdl 512]} Rf5 $2 {[%mdl 8192]} (49... Re3 $11) 50. Rxf7+ {White mates.} Kg8 {[#]} 51. e6 $1 c3 52. Rg7+ {Never resign too early!  Weighted Error Value: White=0.56/Black=0.54} 1-0

[Event "Speed Chess Championship 2020"]
[Site "Online"]
[Date "2020.12.13"]
[Round "4.11"]
[White "Nakamura, Hikaru"]
[Black "Vachier-Lagrave, Maxime"]
[Result "1/2-1/2"]
[WhiteElo "2736"]
[BlackElo "2784"]
[Annotator "TA"]
[PlyCount "146"]
[EventDate "2020.10.31"]
[EventType "k.o."]
[EventCountry "NET"]
[SourceTitle "playchess.com"]
[Source "ChessBase"]
[SourceQuality "1"]

{[%evp 9,146,0,7,0,6,0,0,0,6,0,6,-8,0,-2,14,-4,9,0,6,-10,19,18,21,0,0,0,0,11,0,0,17,0,31,0,20,0,18,0,-8,-25,16,16,6,11,92,76,59,70,85,85,101,93,83,85,90,88,125,69,83,32,41,41,90,84,101,72,104,104,91,-6,0,0,0,0,0,0,0,0,0,-17,0,0,0,-6,0,0,0,0,0,-46,0,0,0,0,0,0,8,10,8,6,8,8,8,8,8,6,6,0,0,0,0,0,0,0,0,0,0,0,0,0,0,0,0,0,0,0,0,0,0,0,0,0,0,0,0,0,0,0,0]} 1. e4 c5 2. Nf3 d6 3. Bc4 Nf6 4. d3 a6 5. a4 e6 6. Bb3 {[#] B50: Sicilian: 2...d6, Miscellaneous.} b6 $146 ({Predecessor:} 6... Nc6 7. c3 Be7 8. O-O O-O 9. Re1 Bd7 10. Nbd2 b5 11. Nf1 Qc7 12. Ng3 Ne5 13. d4 Nxf3+ 14. Qxf3 cxd4 15. cxd4 bxa4 16. Ba2 Qb7 {0-1 (50) Mohr,G (2444)-Shengelia,D (2482) Austria 2005}) 7. O-O Bb7 8. Re1 Be7 9. c3 O-O 10. Nbd2 b5 11. Nf1 Nbd7 12. Ng3 Re8 13. d4 Qc7 14. h3 Bf8 15. Bc2 Rad8 16. axb5 axb5 17. Qe2 Bc6 18. Bg5 h6 19. Bd2 Qb7 20. Bd3 g6 21. Nh2 Bg7 22. Bc2 Ra8 23. Rad1 Ra2 24. Bc1 Ra1 25. e5 dxe5 26. dxe5 Nh7 (26... Nd5 $11 {keeps the balance.}) 27. f4 c4 28. Ne4 {Black must now prevent Nd6.} Bxe4 29. Bxe4 Qc7 30. Be3 Rxd1 31. Rxd1 Nc5 32. Bc2 Bf8 33. Ng4 (33. Nf3 $16) 33... Rd8 $14 34. Kh2 (34. Bd4 $16) 34... h5 35. Nf2 Be7 36. Ra1 Nf8 37. g4 hxg4 38. hxg4 g5 {[#]} 39. Rh1 ({White should try} 39. Bd4 $1 $16) 39... gxf4 40. Bxf4 Bf6 41. Kg2 Bg7 42. Qe3 Ng6 43. Bxg6 fxg6 44. g5 Nd3 45. Nxd3 cxd3 46. Qe4 Qc4 47. Kf3 Rf8 48. Ke3 Rf5 49. Rd1 Bf8 50. Rxd3 {The position is equal.} Bc5+ 51. Kf3 Be7 (51... Qa2 {is more complex.} 52. Rd8+ Bf8 53. Re8 Qa1 54. Qd4 Qf1+) 52. Qxc4 bxc4 53. Rd4 {[#] Threatens to win with Ke4.} Bxg5 54. Rxc4 Bxf4 55. Rxf4 Rxe5 $11 {[%mdl 4096] Endgame KR-KR} 56. b4 g5 $1 {[%cal Rg5f4]} 57. Rd4 {c4 is the strong threat.} Kf7 58. Rd1 Ke7 59. c4 Rf5+ 60. Ke3 Rf4 61. Rc1 {Cut Off at move 61} Kd6 62. c5+ Kc6 63. b5+ Kxb5 64. c6 {And now c7 would win.} Rf8 65. c7 Rc8 66. Ke4 {aiming for Ke5.} Kb6 67. Ke5 {Strongly threatening Kd6.} Rxc7 68. Rb1+ Kc6 69. Kxe6 g4 70. Kf5 g3 71. Kf4 Rb7 72. Rc1+ Kd5 73. Kxg3 Rb3+ {Weighted Error Value: White=0.11/Black=0.10} 1/2-1/2

[Event "Speed Chess Championship 2020"]
[Site "Online"]
[Date "2020.12.13"]
[Round "4.12"]
[White "Vachier-Lagrave, Maxime"]
[Black "Nakamura, Hikaru"]
[Result "1/2-1/2"]
[WhiteElo "2784"]
[BlackElo "2736"]
[Annotator "TA"]
[PlyCount "63"]
[EventDate "2020.10.31"]
[EventType "k.o."]
[EventCountry "NET"]
[SourceTitle "playchess.com"]
[Source "ChessBase"]
[SourceQuality "1"]

{[%evp 12,63,30,35,28,28,42,37,25,14,34,39,50,0,0,0,0,0,0,0,0,0,0,-6,-18,-25,-18,-21,-20,-37,-41,-61,-45,-96,-104,-132,-135,-124,-131,-697,-242,-221,-141,-142,0,0,0,0,0,0,0,0,0,0]} 1. e4 e5 2. Nf3 Nc6 3. Bb5 a6 4. Ba4 g6 5. O-O Bg7 6. c3 Nge7 7. d4 b5 {C60: Ruy Lopez: Unusual Black 3rd moves and 3...g6.} 8. Bc2 {is the legacy move (8.Bb3).} exd4 {The main line 8...exd4 scores better than 8...d6.} 9. cxd4 O-O {White is slightly better.} 10. h3 d6 11. Nc3 Na5 {[#]} 12. e5 $146 ({Predecessor:} 12. Bg5 h6 13. Bh4 g5 14. Bg3 Nc4 15. b3 Na3 16. Bd3 f5 17. exf5 Bxf5 18. Ne4 {1-0 (42) Ma,Q (2620)-Noe,C (2532) Boeblingen 2018}) 12... dxe5 13. dxe5 Bb7 14. Ne4 Nec6 15. Qe1 Nd4 16. Nxd4 Qxd4 17. Qxa5 Bxe4 18. Rd1 Qxe5 19. Re1 f5 ({Of course not} 19... Bxc2 $6 20. Rxe5 Bxe5 21. Bh6 $16) 20. Bxe4 fxe4 21. Be3 c5 22. Rad1 (22. Re2 $15) 22... Qxb2 $17 23. Bxc5 Bc3 24. Qb6 Bxe1 ({And not} 24... Qxa2 25. Bxf8 Rxf8 26. Rxe4 $16) 25. Qe6+ $2 {[%mdl 8192]} (25. Bxf8 $17 Rxf8 26. Rxe1) 25... Rf7 $2 (25... Kh8 {[%cal Re1f2]} 26. f3 Bc3 27. Bxf8 exf3 28. gxf3 Bd4+ 29. Kh1 Be5 30. Bg7+ Bxg7) 26. Rxe1 $19 Qc2 27. Bd4 {[#] Hoping for Qe5.} Raf8 (27... e3 $1 $17 {[%cal Re3f2]} 28. Qxe3 (28. Bxe3 Qc8) 28... Qf5) 28. Qe5 $11 {[%csl Gd4][%cal Re5h8] The position is equal.} Rf6 $1 29. Qd5+ R6f7 30. Qe5 {[%csl Gd4][%cal Re5h8]} Rf6 $1 31. Qd5+ R6f7 {[#] White must now prevent ...Re8.} 32. Qe5 {Weighted Error Value: White=0.32/Black=0.41} 1/2-1/2

[Event "Speed Chess Championship 2020"]
[Site "Online"]
[Date "2020.12.13"]
[Round "4.13"]
[White "Nakamura, Hikaru"]
[Black "Vachier-Lagrave, Maxime"]
[Result "1-0"]
[WhiteElo "2736"]
[BlackElo "2784"]
[Annotator "TA"]
[PlyCount "37"]
[EventDate "2020.10.31"]
[EventType "k.o."]
[EventCountry "NET"]
[SourceTitle "playchess.com"]
[Source "ChessBase"]
[SourceQuality "1"]

{[%evp 9,37,0,0,0,14,7,0,0,0,-10,0,-11,14,-19,1,1,10,0,5,0,0,0,314,314,319,305,731,118,730,698]} 1. e4 c5 2. Nf3 d6 3. Bc4 Nf6 4. d3 a6 5. a4 e6 6. Bb3 {[#] B50: Sicilian: 2...d6, Miscellaneous.} b6 $146 {[%cal Bb7b6,Bb6b5][%mdl 32]} ({Predecessor:} 6... Nc6 7. c3 Be7 8. O-O O-O 9. Re1 Bd7 10. Nbd2 b5 11. Nf1 Qc7 12. Ng3 Ne5 13. d4 Nxf3+ 14. Qxf3 cxd4 15. cxd4 bxa4 16. Ba2 Qb7 {0-1 (50) Mohr,G (2444)-Shengelia,D (2482) Austria 2005}) 7. O-O Bb7 8. Nbd2 {The position is equal.} Be7 9. Re1 O-O 10. c3 Nbd7 11. d4 b5 12. Bc2 Qc7 13. e5 Nd5 14. Ne4 dxe5 15. dxe5 Nxe5 $2 {[%mdl 8192]} (15... Rfd8 $11 {and Black stays safe.}) 16. Nxe5 $18 Qxe5 {[#]} 17. Ng5 $1 Qf6 $2 (17... Nxc3 18. bxc3 (18. Rxe5 Nxd1 19. Bxd1 c4 $16) 18... Qd5 19. Bxh7+ Kh8) 18. Bxh7+ Kh8 {[#] Threatening ...g6.} 19. Qh5 $1 {Weighted Error Value: White=0.04/Black=0.51} 1-0

[Event "Speed Chess Championship 2020"]
[Site "Online"]
[Date "2020.12.13"]
[Round "4.14"]
[White "Vachier-Lagrave, Maxime"]
[Black "Nakamura, Hikaru"]
[Result "1-0"]
[WhiteElo "2784"]
[BlackElo "2736"]
[Annotator "TA"]
[PlyCount "84"]
[EventDate "2020.10.31"]
[EventType "k.o."]
[EventCountry "NET"]
[SourceTitle "playchess.com"]
[Source "ChessBase"]
[SourceQuality "1"]

{[%evp 12,84,21,22,38,40,43,30,31,24,20,22,54,25,14,6,53,42,68,52,56,26,22,29,21,8,16,11,141,142,121,110,112,112,113,56,127,127,125,129,154,122,167,154,169,166,147,146,159,146,176,174,179,159,177,169,228,223,300,269,354,258,260,257,262,251,264,266,247,159,129,131,1181,1163,1134]} 1. e4 e5 2. Nf3 Nc6 3. Bb5 a6 4. Ba4 g6 5. O-O Bg7 6. c3 Nge7 7. d4 b5 {C60: Ruy Lopez: Unusual Black 3rd moves and 3...g6.} 8. Bc2 {has lost popularity (8.Bb3).} exd4 {8...exd4 scores better than 8...d6.} 9. cxd4 O-O {White has an edge.} 10. h3 d6 11. Nc3 Na5 {[%cal Bc6a5,Ba5c4,Bc4a3,Ba3c2][%mdl 32]} 12. Bf4 Bb7 13. Qc1 c5 {[#]} 14. d5 $146 ({Predecessor:} 14. Bh6 cxd4 15. Bxg7 Kxg7 16. Nxd4 Rc8 17. f4 Qb6 18. Qe3 Nc4 19. Qf2 Nc6 20. Nce2 {1-0 (49) Zisin,O (2009)-Ioffe,I (2241) Voronezh 2018}) 14... b4 15. Ne2 {[%cal Bc3e2,Be2f4,Bf4d3][%mdl 32]} Nc4 16. b3 Na3 17. Bh6 Nxc2 18. Bxg7 Kxg7 19. Qxc2 f6 (19... Nc8 $11) 20. Nf4 $16 {[#] Black must now prevent Ne6+.} Bc8 21. Nd2 Bd7 22. Nc4 Nc8 23. a4 (23. Qd3 $16) 23... Qe7 (23... Nb6 $14) 24. Rfe1 Rb8 25. Nd3 g5 26. Re3 Be8 27. f4 Nb6 28. Nxb6 Rxb6 29. Rf1 {[%cal Ba1f1,Bf1f4,Bf4h4,Bh4h6][%mdl 32]} Bg6 30. Nb2 gxf4 31. Rxf4 Rbb8 32. Nc4 Rbe8 33. Qf2 Qd8 (33... Kh8 $142 34. Qg3 Rg8) 34. Qg3 Kh8 35. Rh4 $1 {[%csl LRd6,LRg6]} f5 {[%cal Re8e4]} 36. exf5 ({Inferior is} 36. Nxd6 f4 $11) 36... Rxe3 37. Nxe3 Bxf5 38. Rh6 $40 {[%mdl 128] White has strong attack.} Qe7 {intending ...Bg6.} 39. Nxf5 ({Don't play} 39. Rxd6 $6 Bc8 $18) 39... Rxf5 40. Rxd6 Rg5 41. Qf4 {[#] Threatens to win with Re6.} c4 $2 {[%mdl 8192]} (41... Qe1+ $16 42. Kh2 Qe5 43. Qxe5+ Rxe5) 42. Re6 $18 Qc5+ {Weighted Error Value: White=0.14/Black=0.25} 1-0

[Event "Speed Chess Championship 2020"]
[Site "Online"]
[Date "2020.12.13"]
[Round "4.15"]
[White "Nakamura, Hikaru"]
[Black "Vachier-Lagrave, Maxime"]
[Result "0-1"]
[WhiteElo "2736"]
[BlackElo "2784"]
[Annotator "TA"]
[PlyCount "64"]
[EventDate "2020.10.31"]
[EventType "k.o."]
[EventCountry "NET"]
[SourceTitle "playchess.com"]
[Source "ChessBase"]
[SourceQuality "1"]

{[%evp 9,64,0,0,-6,3,6,9,0,19,9,11,2,7,7,11,0,0,0,0,0,0,0,0,-37,-6,-5,21,-62,-63,-64,-72,-73,-74,-82,-101,-142,-145,-142,-142,-170,-166,-177,-194,-177,-149,-153,-137,-270,-269,-417,-412,-951,-906,-1123,-1029,-1014,-793]} 1. e4 c5 2. Nf3 d6 3. Bc4 Nf6 4. d3 a6 5. a4 e6 6. Bb3 {[#] B50: Sicilian: 2...d6, Miscellaneous.} b6 $146 ({Predecessor:} 6... Nc6 7. c3 Be7 8. O-O O-O 9. Re1 Bd7 10. Nbd2 b5 11. Nf1 Qc7 12. Ng3 Ne5 13. d4 Nxf3+ 14. Qxf3 cxd4 15. cxd4 bxa4 16. Ba2 Qb7 {0-1 (50) Mohr,G (2444)-Shengelia,D (2482) Austria 2005}) 7. O-O Bb7 8. c3 {The position is equal.} Nbd7 9. Nbd2 Be7 10. Re1 O-O 11. Bc2 b5 12. d4 Qc7 13. e5 Nd5 14. Ne4 dxe5 15. dxe5 Rfd8 ({But not} 15... Nxe5 $2 16. Nxe5 Qxe5 17. Ng5 $18) 16. Ng3 Nf8 {...Nxc3! is the strong threat.} 17. Qe2 $1 c4 18. axb5 (18. Ng5 $1 $11) 18... axb5 $15 19. Rxa8 Rxa8 20. h4 b4 21. cxb4 Nxb4 22. Bb1 {[#]} Rd8 $1 23. h5 Nd3 24. Bxd3 cxd3 25. Qe3 Bxf3 26. gxf3 Qc2 {aiming for ...Bb4.} 27. Qd2 Nd7 {[%cal Bf8d7,Bd7c5,Bc5b3][%mdl 32] Hoping for ...Nc5.} 28. Kg2 {[#]} (28. Qxc2 $17 dxc2 29. Re2) 28... Nc5 $1 $19 29. Nf1 (29. Ne4 {was necessary.} Nb3 30. Qe3) 29... Nb3 30. Qf4 (30. Qc3 $142 Qxc3 31. bxc3) 30... Rd4 {Black is clearly winning.} 31. Qe3 h6 32. f4 Bb4 {Weighted Error Value: White=0.45/Black=0.07} 0-1

[Event "Speed Chess Championship 2020"]
[Site "Online"]
[Date "2020.12.13"]
[Round "4.16"]
[White "Vachier-Lagrave, Maxime"]
[Black "Nakamura, Hikaru"]
[Result "1/2-1/2"]
[WhiteElo "2784"]
[BlackElo "2736"]
[Annotator "TA"]
[PlyCount "102"]
[EventDate "2020.10.31"]
[EventType "k.o."]
[EventCountry "NET"]
[SourceTitle "playchess.com"]
[Source "ChessBase"]
[SourceQuality "1"]

{[%evp 12,102,19,8,10,8,13,10,17,18,27,22,18,23,18,17,33,13,25,0,0,0,5,0,2,0,11,22,11,16,13,16,0,0,0,0,0,0,10,15,23,17,25,16,25,22,19,10,23,0,0,0,10,0,0,0,0,0,7,0,0,-8,0,0,0,0,0,0,0,0,0,0,0,0,0,0,0,0,0,0,0,0,0,0,0,0,0,0,0,0,0,0,0]} 1. e4 e5 2. Nf3 Nc6 3. Bc4 Bc5 4. c3 Nf6 5. d3 d6 6. O-O h6 {6...a6 is a critical line. Played by Magnus Carlsen in November 2020.} 7. Nbd2 a5 {C54: Giuoco Piano: 4 c3 Nf6, main lines with 5 d4 and 5 d3.} 8. Re1 O-O 9. Nf1 Be6 10. Bb5 Ne7 11. d4 exd4 12. cxd4 Bb6 13. Ng3 d5 14. e5 Ne4 $1 15. Bd3 Nxg3 16. hxg3 Bg4 17. Bc2 c5 18. dxc5 Bxc5 19. Be3 Rc8 20. Bxc5 Rxc5 21. Qd2 Qc7 22. Bd3 Nc6 23. Qe3 Nb4 24. Nd4 Nxd3 25. Qxd3 Qb6 {[#]} 26. f3 $146 ({Predecessor:} 26. b3 Rfc8 27. Kh2 Qb4 28. Qe3 Rc3 29. Qf4 Bd7 30. Red1 a4 31. Ne2 Qxf4 32. Nxf4 {½-½ (76) Vachier Lagrave,M (2784)-Nakamura,H (2736) chess24.com INT 2020}) 26... Bd7 27. Qd2 Rfc8 {[#] And now ...Rc2 would win.} 28. Kh2 Qg6 29. g4 h5 30. gxh5 Qxh5+ {The position is equal.} 31. Kg1 a4 32. Qf2 a3 33. bxa3 Rc3 34. Rab1 b5 35. a4 bxa4 36. Rb7 R3c7 37. Rxc7 Rxc7 38. Qg3 {[#] e6 is the strong threat.} Rc4 39. e6 fxe6 40. Nxe6 Bxe6 41. Rxe6 $11 {[%mdl 4096] Endgame KQR-KQR} Rc1+ 42. Re1 Qh6 43. Qb8+ Kh7 44. Rxc1 Qxc1+ {KQ-KQ} 45. Kh2 d4 46. Qe5 Qh6+ 47. Kg3 Qg6+ 48. Kf2 Qc2+ 49. Kg3 Qg6+ 50. Kf2 Qc2+ 51. Kg3 Qg6+ {A rather calm draw. Accuracy: White = 100%, Black = 100%.} 1/2-1/2